Music Quiz

Random Music or Song Quiz

Guess the lyrics to this song from 1987 Quiz Stats

 Plays Quiz not verified by Sporcle

Score 0/199 Timer 12:00
0 Plays Today
% Correct
the
99%
the
99%
and
99%
and
99%
I
99%
I
99%
I
99%
and
99%
and
99%
the
99%
I
99%
and
99%
and
99%
the
99%
the
99%
a
99%
a
99%
I
99%
and
99%
I
99%
And
99%
a
99%
the
99%
I
99%
and
99%
and
99%
and
99%
you
95.5%
you
95.5%
you
95.5%
you
95.5%
you
95.5%
you
95.5%
you
95.5%
you
95.5%
You
95.5%
you
95.5%
you
95.5%
You
95.5%
you
95.5%
you
95.5%
you
95.5%
love
89.6%
love
89.6%
me
85.1%
me
85.1%
me
85.1%
me
85.1%
me
85.1%
me
85.1%
me
85.1%
me
85.1%
to
82.6%
to
82.6%
in
81.1%
in
81.1%
in
81.1%
in
81.1%
it
79.6%
do
78.1%
do
78.1%
on
75.1%
are
69.2%
with
68.7%
with
68.7%
with
68.7%
with
68.7%
% Correct
that
68.2%
that
68.2%
that
68.2%
that
68.2%
that
68.2%
that
68.2%
that
68.2%
that
68.2%
for
65.7%
so
64.7%
my
63.7%
of
63.7%
my
63.7%
of
63.7%
she
63.2%
she
63.2%
she
63.2%
I'm
61.7%
I'm
61.7%
how
60.7%
how
60.7%
her
59.7%
her
59.7%
her
59.7%
her
59.7%
her
59.7%
her
59.7%
Why
58.2%
know
56.7%
all
54.2%
you're
54.2%
you're
54.2%
like
52.7%
like
52.7%
have
52.7%
like
52.7%
as
49.8%
one
48.8%
one
48.8%
I'll
46.3%
I'll
46.3%
just
45.3%
just
45.3%
just
45.3%
ever
44.8%
make
41.8%
had
41.3%
said
38.8%
said
38.8%
said
38.8%
but
37.8%
Show
37.3%
show
37.3%
show
37.3%
show
37.3%
girl
36.8%
won't
36.3%
up
36.3%
been
35.3%
only
33.8%
only
33.8%
only
33.8%
makes
31.3%
makes
31.3%
away
28.4%
away
28.4%
away
28.4%
% Correct
run
24.9%
run
24.9%
far
24.4%
around
23.9%
dream
22.4%
dream
22.4%
days
22.4%
eyes
21.4%
loved
20.9%
lost
20.4%
lost
20.4%
head
19.9%
ways
19.9%
arms
19.4%
lonely
19.4%
must
19.4%
lonely
19.4%
into
18.9%
trick
16.9%
alone
16.9%
alone
16.9%
alone
16.9%
laugh
16.4%
neck
15.4%
found
15.4%
scream
14.4%
face
14.4%
heaven
14.4%
promise
13.9%
promise
13.9%
threw
12.9%
deep
12.9%
myself
11.9%
inside
11.9%
soft
10.9%
opened
10.9%
soft
10.9%
strange
10.4%
kissed
10%
kissed
10%
different
10%
above
10%
sea
10%
angels
9.5%
lips
9%
dizzy
8.5%
dreamed
8.5%
dancing
8%
asleep
8%
name
7%
deepest
6.5%
Spinning
6%
raging
6%
edge
5.5%
stole
5.5%
drowned
5.5%
oceans
5%
water
5%
daylight
4.5%
moving
4.5%
shape
4%
breathe
4%
glow
3.5%
Twisting
3%
licked
2%

You're not logged in!

Compare scores with friends on all Sporcle quizzes.
OR
Log In

Show Comments

Extras

Created Nov 25, 2010ReportNominate
Tags:Song Quiz, 1987

Top Quizzes Today


Score Distribution

Your Account Isn't Verified!

In order to create a playlist on Sporcle, you need to verify the email address you used during registration. Go to your Sporcle Settings to finish the process.

Report this User

Report this user for behavior that violates our Community Guidelines.

Details: